Timothy Shares His Faith / Irene J. Steele
Timothy shares his faith and experiences bullying on his first days of kindergarten. He asks his father, "How can I show Jesus' Love to my friends?" His father responds, "...Son, the best way to show Jesus' love is by walking it out..."
Available copies
- 1 of 1 copy available at scottsboropl.
Holds
- 0 current holds with 1 total copy.
Show Only Available Copies
| Location | Call Number / Copy Notes | Barcode | Shelving Location | Status | Due Date |
|---|---|---|---|---|---|
| scottsboropl | E Ste | 32269001243438 | Juvenile - Easy | Available | - |
| LDR | 00620cam a2200205Ka 4500 | ||
|---|---|---|---|
| 001 | 162321 | ||
| 003 | SBPL | ||
| 005 | 20231214180146.0 | ||
| 008 | 070101s eng d | ||
| 020 | . | ‡a9798218167271 | |
| 082 | 0 | 4. | ‡a813 |
| 100 | . | ‡aSteele, Irene J. : ‡eauthor | |
| 245 | . | ‡aTimothy Shares His Faith / ‡cIrene J. Steele | |
| 246 | . | ‡aTimothy | |
| 260 | . | ‡aMadison Al ‡bAS/IS Press ‡c2023 | |
| 300 | . | ‡a42 pages : ‡billustrations, ; ‡c21 cm. | |
| 336 | . | ‡atext ‡btxt ‡2rdacontent | |
| 337 | . | ‡aunmediated ‡bn ‡2rdamedia | |
| 338 | . | ‡avolume ‡bnc ‡2rdacarrier | |
| 490 | 0 | . | ‡aTimothy : ‡vBk 2 |
| 520 | . | ‡aTimothy shares his faith and experiences bullying on his first days of kindergarten. He asks his father, "How can I show Jesus' Love to my friends?" His father responds, "...Son, the best way to show Jesus' love is by walking it out..." | |
| 650 | . | ‡aBullied ‡vFiction | |
| 650 | . | ‡aFaith | |
| 650 | 0 | . | ‡aSchool |
| 650 | 0 | . | ‡aFriends |
| 650 | 0 | . | ‡aSharing |
| 650 | 0 | . | ‡aFamily |
| 650 | 0 | . | ‡aChristian |
| 650 | 0 | . | ‡aAlabama Author |
| 650 | 0 | . | ‡aJuvenile |
| 800 | 0 | . | ‡aTimothy : ‡vBk 2 |
| 901 | . | ‡a162321 ‡bAUTOGEN ‡c162321 ‡tbiblio | |